000 01061 a2200229 4500
003 Nust
005 20220811154746.0
010 _a 86002243
020 _a0878351744 (pbk.)
040 _cNust
082 0 0 _a005.133,BRA
100 1 _aBrainerd, Walter S.
_996929
245 1 0 _aWATFIV-S fundamentals and style /
_cWalter S. Brainerd, Charles H. Goldberg, Jonathan L. Gross.
260 _aBoston :
_bBoyd & Fraser,
_cc1986.
300 _axiii, 370, 33, 3 p. :
_bill. ;
_c28 cm.
440 0 _aBoyd & Fraser programming language series
_996930
505 _aComputer And Programming (Page-1), Problem Solving And Programming In Fortran (Page-34), Decision Structures (Page-87), Loop Structures (Page-126), Subprograms, Modularity And Stepwise Refinement (Page-167), Arrays (Page-225), Character Data (Page-276), Multi Dimensional Arrays (Page-312), Additional Case Studies (Page-345).
650 0 _aFORTRAN (Computer program language)
_926734
700 1 _aGoldberg, Charles H.
_996931
700 1 _aGross, Jonathan L.
_996932
942 _2ddc
_cBK
_k005.133,BRA
999 _c176688
_d176688